000 00628nam a2200217Ia 4500
003 GCL
008 140319s9999 xx 000 0 eng d
040 _aGCL /
_cGCL
082 0 4 _a709.32
_bD E
100 1 _aDESROCHES - NEBLECOURT, CHRISTIANE
245 1 0 _aEGYPTIAN WALL PAINTINGS: FROM TOMBS AND TEMPLES /
_cDESROCHES - NEBLECOURT, CHRISTIANE
260 _a[S.N] :
_bTHE NEW AMERICAN LIBRARY ،
_c1962
300 _a52 P
650 0 4 _aART - EGYPT
650 0 4 _aANCIENT EGYPTIAN ART
650 0 4 _aARTS
650 0 4 _aART, EGYPTIAN
650 0 4 _aPAINTING - TEMPLES
650 0 4 _aEGYPT - CIVILIZATION
942 _2ddc
_cBK
999 _c19735
_d19735